Historia de Polybio Megalopolitano / (Record no. 162381)

MARC details
000 -LEADER
campo de control de longitud fija 00836nam a2200217 i 4500
001 - NÚMERO DE CONTROL
campo de control 162381
003 - IDENTIFICADOR DE NÚMERO DE CONTROL
campo de control ES-MaACL
005 - FECHA Y HORA DE LA ÚLTIMA TRANSACCIÓN
campo de control 20230906212517.0
008 - DATOS DE LONGITUD FIJA--INFORMACIÓN GENERAL
campo de control de longitud fija 931025s1789 sp |||| | spa d
040 ## - FUENTE DE CATALOGACIÓN
Centro catalogador/agencia de origen CYL
Lengua de catalogación spa
Centro/agencia transcriptor PAB
100 0# - ENTRADA PRINCIPAL--NOMBRE DE PERSONA
Nombre de persona Polibio.
9 (RLIN) 92820
245 10 - MENCIÓN DEL TÍTULO
Título Historia de Polybio Megalopolitano /
Mención de responsabilidad, etc. traducida del griego por ... Ambrosio Rui Bamba ... ; tomo I [-tomo III].
260 ## - PUBLICACIÓN, DISTRIBUCIÓN, ETC.
Lugar de publicación, distribución, etc. Madrid :
Nombre del editor, distribuidor, etc. en la imprenta Real,
Fecha de publicación, distribución, etc. 1789.
300 ## - DESCRIPCIÓN FÍSICA
Extensión 3 v. ([4], XVI, 446, [2] p. ; [4], 395 p., [1] en bl. ; [4], 412 p.) ;
Dimensiones 4º.
597 ## - NOTA DE DESCRIPCIÓN FÍSICA
NOTA DE DESCRIPCIÓN FÍSICA Sign.: Sign.: [ ]4, b4, c², A-K4 ; [ ]², 3A-3C4, 3D² ; [ ]²,3 A-3E4, 3F².
597 ## - NOTA DE DESCRIPCIÓN FÍSICA
NOTA DE DESCRIPCIÓN FÍSICA Antep.
651 #4 - PUNTO DE ACCESO ADICIONAL DE MATERIA--NOMBRE GEOGRÁFICO
Nombre geográfico Roma-
Subdivisión general Historia.
9 (RLIN) 9312
700 1# - ENTRADA AGREGADA--NOMBRE PERSONAL
Nombre de persona Rui Bamba, Ambrosio.
9 (RLIN) 132171
852 ## - LOCALIZACIÓN
Ubicación ES-MaACL
Número de control de estantería R-1167-69
Nota libre -- Enc. pasta española
Encuadernación Olim: G-10834-36
Holdings
Estatus retirado Estado de pérdida Estado de daño No para préstamo Colección Biblioteca de origen Biblioteca actual Ubicación en estantería Fecha de adquisición Total de préstamos Signatura topográfica completa Código de barras Visto por última vez Precio de reemplazo Tipo de ítem Koha
        Libros del s. XVIII Biblioteca del Ateneo de Madrid Biblioteca del Ateneo de Madrid Depósito 17/01/2008   R-1167-69 1170116 23/02/2023 23/02/2023 Libro impreso antiguo